Balmaceda y el conflicto entre el Congreso y el Ejecutivo
Bewaard in:
| Hoofdauteur: | |
|---|---|
| Formaat: | Boek |
| Taal: | Spaans |
| Gepubliceerd in: |
Santiago
Imprenta Cervantes
1921
|
| Editie: | 1a. ed |
| Onderwerpen: | |
| Tags: |
Voeg label toe
Geen labels, Wees de eerste die dit record labelt!
|
MARC
| LEADER | 00000cam a2200000 a 4500 | ||
|---|---|---|---|
| 001 | UCJ5290 | ||
| 003 | CL-VaPUC | ||
| 008 | 070124e19210000CL |||||||||||||||||spa|d | ||
| 082 | 0 | 4 | |a 983 |b ROD |2 21 |
| 100 | 0 | |a Rodríguez Bravo, Joaquín |e author |9 510319 | |
| 245 | 1 | 0 | |a Balmaceda y el conflicto entre el Congreso y el Ejecutivo |
| 250 | |a 1a. ed | ||
| 300 | |a 2 t | ||
| 942 | |c BK | ||
| 945 | |d 20070124 00:00:00 |a rinostro | ||
| 260 | |a Santiago |b Imprenta Cervantes |c 1921 | ||
| 500 | |a Cubierta t.1, retrato del Presidente Balmaceda: front., t.1, retrato del autor | ||
| 500 | |a Tomo II, obra póstuma, Prólogo de Guillermo Feliú Cruz | ||
| 600 | 0 | |a Balmaceda Fernández, José Manuel, |d 1840-1891 |9 315369 | |
| 600 | 0 | |a Feliú Cruz, Guillermo |e autor |9 392726 | |
| 650 | 7 | |a GUERRA CIVIL DE 1891 |2 CL-VaPUC |9 408173 | |
| 650 | 0 | |a Presidentes de Chile |9 268293 | |
| 650 | 0 | |a Iconografía |9 267998 | |
| 650 | 7 | |a DOCUMENTOS HISTORICOS |2 CL-VaPUC |9 438868 | |
| 650 | 0 | |a Historia de Chile |9 265473 | |
| 999 | |c 321400 |d 321398 | ||
| 583 | |k Rodrigo Vera | ||
| 952 | |0 0 |1 0 |4 0 |6 983_000000000000000_ROD_1921 |7 0 |8 X |9 400126 |a FDOBUD |b FDOBUD |d 2019-11-22 |h t.1 |i 1032488 |o 983 ROD 1921 |p 1032488 |r 2019-11-22 |w 2019-11-22 |y BK_X |k BUD | ||
| 952 | |0 0 |1 0 |4 0 |6 983_000000000000000_ROD_1921 |7 0 |8 X |9 400127 |a FDOBUD |b FDOBUD |d 2019-11-22 |h t.2 |i 1032496 |o 983 ROD 1921 |p 1032496 |r 2019-11-22 |w 2019-11-22 |y BK_X |k BUD | ||
| 952 | |0 0 |1 0 |4 0 |6 983_000000000000000_ROD_1921 |7 0 |8 X |9 400128 |a FDOBUD |b FDOBUD |d 2019-11-22 |h t.2 |i 4862201 |o 983 ROD 1921 |p 4862201 |r 2019-11-22 |w 2019-11-22 |y BK_X |k BUD | ||